01608nam a22002657a 4500003000900000008004100009040007100050082002500121110005500146245006800201260003200269300002900301440006400330505067300394650001701067650002401084650002601108650002801134650001301162700002901175700002601204700002601230700003101256710005501287AR-CdUCM190425b ||||| |||| 00| 0 spa d aMUNICIPALIDAD PROVINCIAL DEL CUSCOcBIBLIOTECA MUNICIPAL DEL CUSCO aRev.Univ/N°101/1951 aUniversidad Nacional de San Antonio Abad del Cusco aRevista Universitaria :bÓrgano de la Universidad del Cuzco / aCusco :bH.G. Rozas,c1951. a366 páginas. :c20 cm. aRevista UniversitarianAño XL, 2° semestre 1951, N°101. aContenido: Medio siglo de educación. Wilber Salas Rodríguez. -- El fondo filosófico del principio de la relatividad. Raúl Vallejos. -- Escenario y caracteres de la Filosofía. M. A. Astete Abril. -- El hombre en la Filosofía. Hugo Flores Ugarte. -- Situación económica de la región del Cuzco. Jorge Cornejo Bouroncle. -- Guía para la recolección de material folklórico. Efraín Morote Best. -- La trepanación del cráneo en el antiguo Perú. Juan B. Lastres. -- Nocturno imperial del Cuzco de piedra. Fidel A. Zárate. -- Perú Histórico. Carlos Núñez Anavitarte. -- Crónica universitaria. Necrología Isidoro Flórez Arestegui. aFilosofía  aEducación peruana aEconomía del Cusco  aTrepanaciones craneanas aFolclore aCornejo Bouroncle, Jorge aMorote Best, Efraín aFlórez Ugarte, Hugo aSalas Rodríguez, Wilbert aUniversidad Nacional de San Antonio Abad del Cusco